Top 15 Biggest Countries via Area - Statistics

General Stats
  • This quiz has been taken 11 times
  • The average score is 13 of 15
Answers on the Map
Answers color-coded by a green-red scale on the quiz's map according to % correct below.
 
Answer Stats
Answer % Correct
russia
100%
algeria
90%
argentina
90%
brazil
90%
china
90%
india
90%
kazakhstan
90%
mexico
90%
saudi arabia
90%
australia
80%
canada
80%
sudan
80%
usa
80%
drc
70%
indonesia
70%
No matching quizzes found
Score Distribution
Percent of People with Each Score
Percentile by Number Answered
Your Score History
You have not taken this quiz